[Event "European Youth Chess Championship B10"]
[Site "Prague, Top Hotel Prague"]
[Date "2016.08.22"]
[Round "5.22"]
[White "Kopaloff, Liam"]
[Black "Hrbek, Stepan"]
[Result "0-1"]
[WhiteElo "1479"]
[BlackElo "1760"]
[PlyCount "118"]
[EventDate "2016.08.18"]

1. e4 c5 2. Nf3 d6 3. d4 cxd4 4. Qxd4 Nc6 5. Bb5 Bd7 6. Bxc6 Bxc6 7. Nc3 Nf6 8.
O-O g6 9. Re1 Bg7 10. Bg5 O-O 11. Qd2 Rc8 12. Bh6 b5 13. Bxg7 Kxg7 14. a3 a5
15. Qd4 e5 16. Qd3 Qc7 17. Rac1 b4 18. axb4 axb4 19. Nd1 b3 20. c3 d5 21. Nd2
Nxe4 22. Nxe4 dxe4 23. Qg3 Rfd8 24. Ne3 f5 25. Qg5 Qf7 26. Rcd1 Rd3 27. g3 Qf6
28. Qxf6+ Kxf6 29. Rxd3 exd3 30. Rd1 e4 31. Nc4 Ke6 32. Kf1 Bd5 33. Na3 Rc5 34.
Ke1 Bb7 35. Kd2 Ba6 36. Ra1 Ra5 37. Re1 Kf6 38. Rd1 Kg5 39. Ke3 Kf6 40. Rd2 Ke5
41. Rd1 Rd5 42. Nb1 g5 43. Kd2 Rd6 44. Na3 Rd5 45. Ra1 Kf6 46. Nb1 Rd6 47. Ra5
f4 48. Ra3 Re6 49. Kd1 e3 50. fxe3 fxe3 51. Rxb3 d2 52. Nxd2 Rd6 53. c4 Rxd2+
54. Kc1 Bxc4 55. Rxe3 Rxh2 56. b3 Bd5 57. Rd3 Ke5 58. b4 Rf2 59. Rc3 Rf3 0-1

[Event "European Youth Chess Championship B10"]
[Site "Prague, Top Hotel Prague"]
[Date "2016.08.22"]
[Round "5.23"]
[White "Lazavik, Denis"]
[Black "Bancarewicz, Aleks"]
[Result "1/2-1/2"]
[WhiteElo "1704"]
[BlackElo "1444"]
[PlyCount "42"]
[EventDate "2016.08.18"]

1. d4 Nf6 2. c4 c5 3. d5 b5 4. cxb5 a6 5. bxa6 Bxa6 6. Nc3 d6 7. g3 g6 8. Bg2
Nbd7 9. Nf3 Bg7 10. O-O O-O 11. Qc2 Ng4 12. Rd1 Nge5 13. Nxe5 Nxe5 14. b3 Qa5
15. Rb1 Nd3 16. Bb2 Nb4 17. Qe4 Nxa2 18. Na4 Qd8 19. Bf1 Bb5 20. Rd2 Nb4 21.
Rdd1 Bxa4 1/2-1/2

[Event "European Youth Chess Championship B10"]
[Site "Prague, Top Hotel Prague"]
[Date "2016.08.22"]
[Round "5.24"]
[White "Goncharenko, Oleksii"]
[Black "Tham, Nam"]
[Result "0-1"]
[WhiteElo "1418"]
[BlackElo "1698"]
[PlyCount "112"]
[EventDate "2016.08.18"]

1. d4 Nf6 2. Nf3 e6 3. Bg5 h6 4. Bh4 Be7 5. e3 O-O 6. Nbd2 d5 7. c4 b6 8. Rc1
Bb7 9. Bd3 Nbd7 10. cxd5 exd5 11. O-O Rc8 12. Qe2 c5 13. Rfd1 Re8 14. Bb5 Ne4
15. Bxe7 Qxe7 16. Nxe4 dxe4 17. Ne1 Red8 18. Nc2 cxd4 19. Nxd4 Nc5 20. Bc4 Qg5
21. Nb3 Nd3 22. Rc3 b5 23. Bxb5 Qxb5 24. Nd4 Qxb2 25. Rxc8 Rxc8 26. Qxb2 Nxb2
27. Rb1 Nd3 28. Nf5 Rc1+ 29. Rxc1 Nxc1 30. Nd6 Bd5 31. Nb5 Ne2+ 32. Kf1 Ng3+
33. Ke1 Nf5 34. Nxa7 Bxa2 35. Nb5 Bc4 36. Nc3 Bd3 37. g3 g5 38. Nd5 Kg7 39. Nb4
Bc4 40. Nc6 Bb5 41. Nb4 Kf6 42. Nd5+ Ke5 43. Nc3 Bc6 44. Kd2 Ng7 45. Ne2 Ne8
46. Kc3 f5 47. Kc4 f4 48. Nc3 h5 49. Nd1 h4 50. gxh4 gxh4 51. Nc3 Kf5 52. Ne2
Kg4 53. Ng1 Kg5 54. Kc5 Ba4 55. Kd4 Bc2 56. Kc3 Bd3 0-1

[Event "European Youth Chess Championship B10"]
[Site "Prague, Top Hotel Prague"]
[Date "2016.08.22"]
[Round "5.25"]
[White "Bobkov, Timofey"]
[Black "Ivanov, Artem"]
[Result "0-1"]
[WhiteElo "1243"]
[BlackElo "1689"]
[PlyCount "34"]
[EventDate "2016.08.18"]

1. e4 e5 2. Nf3 Nc6 3. Bc4 Bc5 4. Nc3 Nf6 5. d3 d6 6. h3 h6 7. Be3 Be6 8. Bxe6
fxe6 9. Bxc5 dxc5 10. Qd2 O-O 11. O-O Nh5 12. Ne2 Rxf3 13. gxf3 Qh4 14. Kh2 Nd4
15. Nxd4 Nf4 16. Qxf4 Qxf4+ 17. Kg2 cxd4 0-1

[Event "European Youth Chess Championship B10"]
[Site "Prague, Top Hotel Prague"]
[Date "2016.08.22"]
[Round "5.26"]
[White "Navumenka, Mikhei"]
[Black "Scurtu, Alexandr"]
[Result "1-0"]
[WhiteElo "1681"]
[BlackElo "1335"]
[PlyCount "67"]
[EventDate "2016.08.18"]

1. d4 Nf6 2. c4 e6 3. Nf3 Bb4+ 4. Bd2 Qe7 5. Nc3 b6 6. a3 Bxc3 7. Bxc3 Bb7 8.
e3 O-O 9. Bd3 d6 10. O-O Ne4 11. Qe2 f5 12. Nd2 Nxd2 13. Bxd2 e5 14. dxe5 dxe5
15. f3 Nd7 16. Rad1 Nc5 17. Bc2 Rae8 18. b4 Nd7 19. Bc3 e4 20. f4 Nf6 21. Bb3
Kh8 22. Rd4 Bc8 23. Rfd1 Be6 24. Ba4 Rb8 25. Bc6 Bf7 26. Qb2 Be8 27. b5 Qf7 28.
Bd5 Nxd5 29. Rxd5 Qg6 30. Be5 Bf7 31. Rd7 Rbc8 32. Qc3 c6 33. R1d6 Qg4 34. bxc6
1-0

[Event "European Youth Chess Championship B10"]
[Site "Prague, Top Hotel Prague"]
[Date "2016.08.22"]
[Round "5.29"]
[White "Tobak, Mikhail"]
[Black "Caliskan, Seha"]
[Result "1/2-1/2"]
[WhiteElo "1315"]
[BlackElo "1645"]
[PlyCount "57"]
[EventDate "2016.08.18"]

1. Nf3 d5 2. g3 c6 3. Bg2 Nf6 4. O-O Bg4 5. d3 Nbd7 6. Nbd2 e6 7. e4 Be7 8. Re1
O-O 9. e5 Ne8 10. d4 Nc7 11. h3 Bh5 12. Nf1 c5 13. c3 Rc8 14. g4 Bg6 15. Ne3
Na6 16. Nh2 cxd4 17. cxd4 Bg5 18. Rf1 Bxe3 19. Bxe3 Nb4 20. Qd2 Qb6 21. a3 Nc2
22. Rfd1 Qxb2 23. Rab1 Qxa3 24. Rxb7 Nb6 25. Bg5 Qa6 26. Re7 Nc4 27. Qf4 Nb4
28. h4 Bd3 29. Bf6 1/2-1/2

[Event "European Youth Chess Championship B10"]
[Site "Prague, Top Hotel Prague"]
[Date "2016.08.22"]
[Round "5.30"]
[White "Maurizzi, Marc Andria"]
[Black "Aliyev, Farid"]
[Result "1/2-1/2"]
[WhiteElo "1824"]
[BlackElo "1482"]
[PlyCount "156"]
[EventDate "2016.08.18"]

1. e4 e6 2. d3 d5 3. Nd2 Nf6 4. Ngf3 c5 5. g3 Nc6 6. Bg2 Be7 7. O-O O-O 8. Re1
dxe4 9. dxe4 e5 10. c3 Qc7 11. Qc2 Be6 12. Nf1 b5 13. Ne3 a5 14. Ng5 b4 15. Nd5
Qb7 16. Nxe6 fxe6 17. Ne3 a4 18. Bh3 Nd8 19. Nc4 Qc7 20. Bd2 h6 21. Rad1 Nd7
22. Qc1 Kh7 23. Qc2 g5 24. Ne3 Qb7 25. Bg2 b3 26. axb3 axb3 27. Qb1 Nb6 28. Nd5
Kg7 29. Nxe7 Qxe7 30. Qd3 c4 31. Qb1 Ra2 32. Be3 Na4 33. Rd2 Nb7 34. Bf1 Nd6
35. Red1 Rd8 36. Bxc4 Rxb2 37. Rxb2 Nxc3 38. Qc1 Nxd1 39. Qxd1 Nxc4 40. Qxb3
Nxe3 41. Qxe3 Qf6 42. Rb7+ Kg6 43. Kg2 h5 44. Rb6 h4 45. Qb3 Re8 46. Rb8 h3+
47. Kf1 Re7 48. Rg8+ Kh7 49. Rb8 g4 50. Rb7 Kg6 51. Rxe7 Qxe7 52. f3 gxf3 53.
Qxf3 Kg5 54. Qe3+ Kg6 55. Kf2 Qb4 56. Kf3 Qd4 57. Qb3 Kf6 58. Qa3 Qd1+ 59. Ke3
Qe1+ 60. Kf3 Qh1+ 61. Ke3 Kf7 62. Qa7+ Kf6 63. Qa3 Kg5 64. Qe7+ Kg6 65. Qxe6+
Kg7 66. Qxe5+ Kg6 67. Qf5+ Kg7 68. Qd7+ Kg6 69. Qxh3 Qe1+ 70. Kf3 Qc3+ 71. Kf4
Qd2+ 72. Kf3 Qd1+ 73. Ke3 Qe1+ 74. Kd4 Qb4+ 75. Ke5 Qc5+ 76. Kf4 Qd6+ 77. Kg4
Qe6+ 78. Kh4 Qf6+ 1/2-1/2

[Event "European Youth Chess Championship B10"]
[Site "Prague, Top Hotel Prague"]
[Date "2016.08.22"]
[Round "5.31"]
[White "Prieb, Robert"]
[Black "Creanga, Robert-Ionut"]
[Result "0-1"]
[WhiteElo "1470"]
[BlackElo "1809"]
[PlyCount "158"]
[EventDate "2016.08.18"]

1. d4 Nf6 2. c4 c5 3. d5 e6 4. Nc3 exd5 5. cxd5 d6 6. e4 g6 7. Bd3 Bg7 8. h3
O-O 9. a4 Re8 10. Nf3 c4 11. Bc2 Nbd7 12. O-O b6 13. Bf4 Nc5 14. Re1 Bb7 15.
Nd4 a6 16. f3 Nxd5 17. Nxd5 Bxd5 18. Ne2 Be6 19. Nc3 Be5 20. Bxe5 dxe5 21. Qxd8
Rexd8 22. Red1 Kf8 23. Rxd8+ Rxd8 24. Rd1 Rxd1+ 25. Nxd1 Ke7 26. Kf2 Kd6 27.
Ke3 b5 28. axb5 axb5 29. Nc3 b4 30. Nd1 Bd7 31. Kd2 Be6 32. Nf2 Kc6 33. Nd1 Kb5
34. Ne3 Nb7 35. Nd1 Nd6 36. Ne3 Nc8 37. Nf1 Nb6 38. Ne3 Kc5 39. Nf1 b3 40. Bd1
Na4 41. Kc1 Kd4 42. Be2 c3 43. bxc3+ Nxc3 44. Ba6 Bc4 45. Bxc4 Kxc4 46. Nd2+
Kb4 47. Kb2 Na4+ 48. Kb1 Kc3 49. Nf1 Kd3 50. Nh2 b2 51. Ng4 Kc3 52. Ne3 Kd3 53.
Nd5 Nc3+ 54. Nxc3 Kxc3 55. h4 h5 56. g3 Kd3 57. Kxb2 Ke3 58. f4 exf4 59. gxf4
Kxe4 60. Kc3 Kxf4 61. Kd3 Kg4 62. Ke3 Kxh4 63. Kf3 Kg5 64. Kg3 f5 65. Kg2 Kg4
66. Kh2 h4 67. Kg2 f4 68. Kf2 f3 69. Kg1 Kg3 70. Kh1 h3 71. Kg1 f2+ 72. Kf1 h2
73. Ke2 h1=Q 74. Ke3 Qe1+ 75. Kd4 f1=Q 76. Kd5 Qd3+ 77. Kc5 Qec3+ 78. Kb6 Qb1+
79. Ka6 Qca1# 0-1

[Event "European Youth Chess Championship B10"]
[Site "Prague, Top Hotel Prague"]
[Date "2016.08.22"]
[Round "5.32"]
[White "Krupa, Miroslav"]
[Black "Pistalovic, Slobodan"]
[Result "1-0"]
[WhiteElo "1808"]
[BlackElo "1458"]
[PlyCount "63"]
[EventDate "2016.08.18"]

1. e4 c6 2. d4 d5 3. Nc3 dxe4 4. Nxe4 Bf5 5. Ng3 Bg6 6. h4 h6 7. h5 Bh7 8. Nf3
Nd7 9. Bd3 Bxd3 10. Qxd3 e6 11. Bf4 Qa5+ 12. Bd2 Qc7 13. O-O-O Ngf6 14. Kb1 Bd6
15. Ne2 O-O-O 16. Nc3 Rhf8 17. Qe2 Kb8 18. Rde1 Be7 19. Ne5 Nxe5 20. Bf4 Qb6
21. Qxe5+ Bd6 22. Qxd6+ Rxd6 23. Bxd6+ Kc8 24. Bxf8 g6 25. hxg6 fxg6 26. Bc5
Qc7 27. Rxe6 Qf7 28. Rhe1 Nd7 29. Bd6 b6 30. Re8+ Kb7 31. R1e7 Qf5 32. Rxd7+
1-0

[Event "European Youth Chess Championship B10"]
[Site "Prague, Top Hotel Prague"]
[Date "2016.08.22"]
[Round "5.33"]
[White "Georgiev, Konstantin"]
[Black "Gres, Michal"]
[Result "1-0"]
[WhiteElo "1760"]
[BlackElo "1452"]
[PlyCount "89"]
[EventDate "2016.08.18"]

1. e4 e5 2. Nf3 Nc6 3. Bc4 Nf6 4. d4 exd4 5. Ng5 d5 6. exd5 Na5 7. Qxd4 Nxc4 8.
Qxc4 Qxd5 9. Qxd5 Nxd5 10. a3 f6 11. Nf3 Kf7 12. c4 Nb6 13. Nfd2 Bd6 14. O-O
Bf5 15. b3 Rhe8 16. Nc3 Be5 17. Bb2 Rad8 18. Nf3 Bxc3 19. Bxc3 Rd3 20. Rac1
Red8 21. Rfe1 Re8 22. Rxe8 Kxe8 23. Nd4 Bg6 24. Kf1 Kd7 25. Ne2 Nc8 26. Nf4 Rd6
27. c5 Rc6 28. Rd1+ Ke8 29. b4 b6 30. Bd4 bxc5 31. Bxc5 Ra6 32. Nd5 Rc6 33. Rc1
Bf7 34. b5 Bxd5 35. bxc6 Bxc6 36. Kg1 Kf7 37. Bb4 Bd7 38. Rxc7 Ke6 39. f4 g6
40. g4 g5 41. f5+ Ke5 42. Rxd7 Kf4 43. h3 Kg3 44. Rd3+ Kh4 45. Be1# 1-0

[Event "European Youth Chess Championship B10"]
[Site "Prague, Top Hotel Prague"]
[Date "2016.08.22"]
[Round "5.34"]
[White "Dobre, Radu-Fabian"]
[Black "Christodoulou, Panormitis"]
[Result "1-0"]
[WhiteElo "1718"]
[BlackElo "1448"]
[PlyCount "109"]
[EventDate "2016.08.18"]

1. e4 e6 2. d4 d5 3. e5 c5 4. c3 Qb6 5. Nf3 Nc6 6. a3 Nh6 7. b4 cxd4 8. cxd4
Nf5 9. Be3 Nxe3 10. fxe3 Bd7 11. Bd3 Be7 12. Nc3 Qd8 13. O-O O-O 14. Qc2 h6 15.
Rf2 Rc8 16. Qb2 Nb8 17. Raf1 Rc7 18. Bb1 Qc8 19. Rc1 b5 20. Qc2 g6 21. h4 h5
22. Rff1 a6 23. Nxd5 Rxc2 24. Nxe7+ Kg7 25. Nxc8 Rcxc8 26. Ng5 Rxc1 27. Rxc1
Rc8 28. Rxc8 Bxc8 29. Be4 Bd7 30. Bb7 Bc6 31. Bxc6 Nxc6 32. Ne4 Ne7 33. Nc5 Nd5
34. Nxa6 Nxe3 35. Nc7 Nf5 36. Nxb5 Ne7 37. Kf2 Kf8 38. Nc7 Nc6 39. Ke3 Ke7 40.
b5 Nb8 41. a4 Kd7 42. Na6 Nxa6 43. bxa6 Kc7 44. Kf4 Kb6 45. Kg5 Kxa6 46. Kf6
Ka5 47. Kxf7 Kxa4 48. Kxe6 Kb5 49. d5 Kb6 50. d6 Kb7 51. d7 Kc7 52. g3 Kd8 53.
Kd6 g5 54. e6 g4 55. e7# 1-0

[Event "European Youth Chess Championship B10"]
[Site "Prague, Top Hotel Prague"]
[Date "2016.08.22"]
[Round "5.35"]
[White "Pilar, Vit"]
[Black "Lystsov, Leonid"]
[Result "0-1"]
[WhiteElo "1453"]
[BlackElo "1705"]
[PlyCount "62"]
[EventDate "2016.08.18"]

1. d4 Nf6 2. c4 c5 3. d5 d6 4. Nc3 g6 5. e4 Bg7 6. Bd3 O-O 7. Nf3 e6 8. O-O
exd5 9. exd5 Bg4 10. h3 Bxf3 11. Qxf3 Nbd7 12. Bf4 Ne5 13. Bxe5 dxe5 14. Qe3
Nd7 15. a3 f5 16. Rac1 Qh4 17. Qe2 a6 18. a4 e4 19. Bb1 Rae8 20. Rce1 Bd4 21.
Nd1 g5 22. a5 Rf6 23. Ne3 g4 24. hxg4 Rh6 25. f3 f4 26. Bxe4 Qh2+ 27. Kf2 fxe3+
28. Qxe3 Rxe4 29. fxe4 Rf6+ 30. Ke2 Qxg2+ 31. Qf2 Bxf2 0-1

[Event "European Youth Chess Championship B10"]
[Site "Prague, Top Hotel Prague"]
[Date "2016.08.22"]
[Round "5.37"]
[White "Damjanovic, Vuk"]
[Black "Eilenberg, Jonas"]
[Result "1-0"]
[WhiteElo "1412"]
[BlackElo "1634"]
[PlyCount "77"]
[EventDate "2016.08.18"]

1. e4 e5 2. Nf3 Nc6 3. Bb5 Bc5 4. d3 Nf6 5. O-O d6 6. c3 Bg4 7. Nbd2 O-O 8. h3
Bh5 9. Re1 Re8 10. Nf1 a6 11. Bxc6 bxc6 12. Ng3 Bg6 13. Bg5 h6 14. Be3 Bb6 15.
Bxb6 cxb6 16. Qb3 Qc7 17. Nh4 Bh7 18. Nhf5 d5 19. Rad1 Rad8 20. f3 d4 21. Rd2
b5 22. c4 Qa5 23. Red1 c5 24. cxb5 axb5 25. Rc2 Nd7 26. Nd6 c4 27. dxc4 Re6 28.
Nb7 Qb6 29. Qxb5 Qxb5 30. cxb5 Rb8 31. Rc7 Nb6 32. b3 Ree8 33. Nd6 Re6 34. Rc6
g5 35. Rdc1 Kg7 36. Nh5+ Kg6 37. g4 Nd7 38. Nf5 Rxb5 39. Ne7# 1-0

[Event "European Youth Chess Championship B10"]
[Site "Prague, Top Hotel Prague"]
[Date "2016.08.22"]
[Round "5.38"]
[White "Han, Yichen"]
[Black "Vergara, Anton Diego"]
[Result "1-0"]
[WhiteElo "1627"]
[BlackElo "1436"]
[PlyCount "48"]
[EventDate "2016.08.18"]

1. e4 c5 2. Nf3 e6 3. d4 cxd4 4. Nxd4 Nf6 5. Nc3 d6 6. Be3 Be7 7. f3 Nc6 8. Qd2
O-O 9. g4 d5 10. g5 Nxd4 11. Bxd4 Nh5 12. f4 dxe4 13. Rd1 Qc7 14. Be5 Qa5 15.
Nxe4 Qxd2+ 16. Rxd2 b6 17. Bg2 Ba6 18. Bf3 f6 19. Rd7 Bb4+ 20. Bc3 Bb5 21. Rd4
Bc5 22. Nxc5 bxc5 23. Rd2 Rac8 24. Bxh5 Bc6 1-0

[Event "European Youth Chess Championship B10"]
[Site "Prague, Top Hotel Prague"]
[Date "2016.08.22"]
[Round "5.39"]
[White "Akin, Yagiz Cinar"]
[Black "Sultanahmedov, Bulat"]
[Result "0-1"]
[WhiteElo "1607"]
[BlackElo "1356"]
[PlyCount "134"]
[EventDate "2016.08.18"]

1. e4 e5 2. Nf3 Nc6 3. Bb5 a6 4. Ba4 d6 5. c3 Bd7 6. Bc2 g6 7. O-O Bg7 8. h3
Nge7 9. d4 O-O 10. dxe5 Nxe5 11. Nxe5 dxe5 12. Qe2 Bb5 13. c4 Bd7 14. Bg5 h6
15. Bxe7 Qxe7 16. Nc3 Be6 17. Nd5 Qc5 18. b4 Qd6 19. c5 Qd7 20. Rad1 Bxd5 21.
Rxd5 Qe7 22. Rfd1 Rad8 23. Qd2 Bf6 24. Bb3 c6 25. Rd6 Bg5 26. Qd3 Qc7 27. Rd7
Rxd7 28. Qxd7 Rc8 29. Bxf7+ Kf8 30. Qxc7 Rxc7 31. Bxg6 Ke7 32. Bf5 Ke8 33. Rd6
Bc1 34. Re6+ Re7 35. Rxe7+ Kxe7 36. Bc8 Ba3 37. Bxb7 Bxb4 38. Bxa6 Bxc5 39. Bb7
Kd6 40. Bxc6 Kxc6 41. Kf1 Bb6 42. Ke2 Kc5 43. Kd3 Kc6 44. Ke2 Kc5 45. g3 Kd4
46. Kf3 Ba5 47. g4 Bd2 48. a4 Kc5 49. Ke2 Bf4 50. Kd3 Kb4 51. a5 Kxa5 52. Kc4
Kb6 53. Kd5 Kc7 54. Ke6 Kd8 55. h4 Ke8 56. Kf6 Kf8 57. g5 Kg8 58. g6 h5 59. Kf5
Kg7 60. f3 Bg3 61. Kg5 Bxh4+ 62. Kxh4 Kxg6 63. Kg3 Kg5 64. f4+ exf4+ 65. Kf3 h4
66. e5 h3 67. e6 Kf6 0-1

[Event "European Youth Chess Championship B10"]
[Site "Prague, Top Hotel Prague"]
[Date "2016.08.22"]
[Round "5.40"]
[White "Weissenhofer, Jonas"]
[Black "Merts, Dmitrii"]
[Result "0-1"]
[WhiteElo "1402"]
[BlackElo "1590"]
[PlyCount "96"]
[EventDate "2016.08.18"]

1. e4 c5 2. Nf3 e6 3. d4 cxd4 4. Nxd4 a6 5. c4 Nf6 6. Nc3 Qc7 7. a3 Nc6 8. Be3
Ne5 9. Rc1 Be7 10. Be2 d6 11. O-O O-O 12. b4 b6 13. f3 Bb7 14. Qe1 Rac8 15. Rc2
Qd7 16. Nd1 d5 17. cxd5 exd5 18. exd5 Nxd5 19. Qd2 Nxe3 20. Qxe3 Bf6 21. Kh1
Rfe8 22. Qd2 Rxc2 23. Qxc2 Qxd4 24. h3 Ng6 25. Bd3 Rc8 26. Qe2 Nf4 27. Bxh7+
Kxh7 28. Qe1 Rc2 29. Ne3 Re2 30. Qb1+ Qd3 31. Qxd3+ Nxd3 32. Nc4 b5 33. Nd6 Bd5
34. Nf5 Re1 35. Rxe1 Nxe1 36. Kg1 Nc2 37. Kf2 Nxa3 38. Ne3 Bd4 39. Ke2 Bc4+ 40.
Kd2 Nb1+ 41. Kc2 Bxe3 42. Kxb1 Bd2 43. Kc2 Bxb4 44. Kb2 a5 45. f4 a4 46. g4 a3+
47. Kc1 a2 48. Kc2 a1=Q 0-1

[Event "European Youth Chess Championship B10"]
[Site "Prague, Top Hotel Prague"]
[Date "2016.08.22"]
[Round "5.41"]
[White "Kienboeck, Benjamin"]
[Black "Werner, Hong Quan Dan"]
[Result "1-0"]
[WhiteElo "1434"]
[BlackElo "1586"]
[PlyCount "44"]
[EventDate "2016.08.18"]

1. e4 e5 2. Nf3 Nc6 3. Bc4 Nf6 4. d4 exd4 5. e5 d5 6. Bb5 Ne4 7. Nxd4 Bd7 8.
Bxc6 bxc6 9. O-O c5 10. Nb3 Be7 11. Qxd5 Bf5 12. Qc6+ Kf8 13. Be3 Rb8 14. f3
Rb6 15. Qa4 Ng5 16. c3 Qd3 17. Bc1 Ra6 18. Qf4 Ne6 19. Qd2 c4 20. Nd4 Bg5 21.
Nxe6+ Rxe6 22. Qxg5 Rxe5 1-0

[Event "European Youth Chess Championship B10"]
[Site "Prague, Top Hotel Prague"]
[Date "2016.08.22"]
[Round "5.42"]
[White "Larichev, Prokhor"]
[Black "Gotsiridze, Davit"]
[Result "1-0"]
[WhiteElo "1585"]
[BlackElo "1075"]
[PlyCount "24"]
[EventDate "2016.08.18"]

1. e4 Nf6 2. e5 Nd5 3. d4 d6 4. c4 Nb6 5. exd6 exd6 6. Nc3 Nc6 7. Be3 Be7 8.
Nf3 Bg4 9. Qb3 Bf6 10. Be2 O-O 11. a3 Qe8 12. d5 Nd8 {(??)} 1-0

[Event "European Youth Chess Championship B10"]
[Site "Prague, Top Hotel Prague"]
[Date "2016.08.22"]
[Round "5.45"]
[White "Stefanou, Konstantinos"]
[Black "Stevanovic, Jovan"]
[Result "1/2-1/2"]
[WhiteElo "1357"]
[BlackElo "1584"]
[PlyCount "74"]
[EventDate "2016.08.18"]

1. d4 Nf6 2. Nf3 e6 3. Bg5 h6 4. Bh4 Be7 5. e3 O-O 6. Nbd2 d5 7. Bd3 Nbd7 8.
O-O c5 9. c3 b6 10. Ne5 Bb7 11. f4 Ne8 12. Bxe7 Qxe7 13. Ndf3 Nxe5 14. fxe5 Nc7
15. Qe2 f5 16. Nd2 Bc6 17. Rf3 Kh8 18. Rh3 Qe8 19. Nf3 Bb5 20. Rf1 Bxd3 21.
Qxd3 Qb5 22. Qd2 Qd7 23. Qf2 Qe7 24. Qg3 Rae8 25. Nh4 Kg8 26. Ng6 Qg5 27. Nf4
Qxg3 28. Rxg3 g5 29. Nh5 Re7 30. Nf6+ Kg7 31. h3 Ne8 32. Nxe8+ Rexe8 33. Rgf3
Kg6 34. g4 Ra8 35. Kg2 Rae8 36. Kg3 h5 37. a3 Rf7 1/2-1/2

[Event "European Youth Chess Championship B10"]
[Site "Prague, Top Hotel Prague"]
[Date "2016.08.22"]
[Round "5.47"]
[White "Akulov, Mikhail"]
[Black "Stefanou, Dimitrios"]
[Result "0-1"]
[WhiteElo "1542"]
[BlackElo "1439"]
[PlyCount "90"]
[EventDate "2016.08.18"]

1. e4 e5 2. Nf3 Nc6 3. Bc4 Bc5 4. c3 Nf6 5. d4 exd4 6. e5 d5 7. Bb5 Ne4 8. cxd4
Bb4+ 9. Nbd2 O-O 10. O-O Bg4 11. Bxc6 bxc6 12. a3 Bxd2 13. Bxd2 f6 14. Rc1 c5
15. Re1 Rb8 16. Bc3 c4 17. Re3 Re8 18. Qc2 Rb3 19. exf6 Qxf6 20. Ne5 Bf5 21.
Qe2 Reb8 22. Bb4 a5 23. Rxb3 cxb3 24. Bxa5 c5 25. Nf3 cxd4 26. Rd1 Bg4 27. h3
Bh5 28. g4 Bg6 29. Nxd4 Rf8 30. f3 Ng5 31. Kg2 h5 32. h4 Nf7 33. Qe6 hxg4 34.
Qxf6 gxf6 35. fxg4 Ne5 36. Kg3 Bc2 37. Re1 Nc4 38. Bc3 Rc8 39. Rc1 Nxa3 40.
bxa3 Rxc3+ 41. Kf2 b2 42. Ne2 bxc1=Q 43. Nxc1 Rxa3 44. Ke2 Rh3 45. Kd2 Ba4 0-1

[Event "European Youth Chess Championship B10"]
[Site "Prague, Top Hotel Prague"]
[Date "2016.08.22"]
[Round "5.50"]
[White "Jishkariani, Erekle"]
[Black "Bogusz, Alan"]
[Result "0-1"]
[WhiteElo "1505"]
[BlackElo "1428"]
[PlyCount "66"]
[EventDate "2016.08.18"]

1. c4 g6 2. d4 Bg7 3. Nc3 c5 4. Nf3 cxd4 5. Nxd4 Nf6 6. e3 Nc6 7. Be2 a6 8. O-O
O-O 9. Nxc6 dxc6 10. Qc2 Qc7 11. e4 Be6 12. Be3 Ng4 13. Bxg4 Bxg4 14. Na4 f5
15. h3 Bh5 16. exf5 gxf5 17. Bb6 Qf4 18. Qb3 Rf6 19. Rfe1 Re8 20. Re3 Rg6 21.
Rae1 Bf6 22. Rd3 Kh8 23. Kh1 Qh4 24. Rg3 Reg8 25. Rxg6 Rxg6 26. Kh2 f4 27. Qd3
Rg8 28. Bd4 Rxg2+ 29. Kxg2 f3+ 30. Kh2 Bxd4 31. Qd2 e5 32. Qh6 Qxf2+ 33. Kh1
Qg2# 0-1

[Event "European Youth Chess Championship B10"]
[Site "Prague, Top Hotel Prague"]
[Date "2016.08.22"]
[Round "5.51"]
[White "Kanli, Alperen"]
[Black "Sustek, Adam"]
[Result "1-0"]
[WhiteElo "1470"]
[BlackElo "1368"]
[PlyCount "89"]
[EventDate "2016.08.18"]

1. d4 d6 2. c4 Nf6 3. Nc3 c6 4. Nf3 Nbd7 5. e4 e5 6. Be3 Qc7 7. Be2 Be7 8. Qd2
b6 9. d5 Bb7 10. h3 h6 11. Bd3 Ba6 12. b4 cxd5 13. cxd5 Bxd3 14. Qxd3 Rc8 15.
Rc1 Qc4 16. Qxc4 Rxc4 17. a3 O-O 18. Nd2 Rc7 19. Ndb1 Rfc8 20. Ke2 a6 21. Kd3
Nh5 22. Ne2 Bg5 23. Bxg5 hxg5 24. g3 a5 25. Rxc7 Rxc7 26. Rc1 Rxc1 27. Nxc1 Kf8
28. Nc3 Ke8 29. bxa5 bxa5 30. Nb3 Nhf6 31. f3 Nb6 32. Nxa5 Nfd7 33. Nb3 Kd8 34.
a4 Kc7 35. a5 Na8 36. Nb5+ Kd8 37. Nxd6 f6 38. Kc4 Nb8 39. Nc5 Nc7 40. Nb5 Kc8
41. Nxc7 Kxc7 42. Ne6+ Kd6 43. Kb5 Kd7 44. a6 Kc8 45. a7 1-0

[Event "European Youth Chess Championship B10"]
[Site "Prague, Top Hotel Prague"]
[Date "2016.08.22"]
[Round "5.52"]
[White "Korsinskij, Marek"]
[Black "Foughali, Younes"]
[Result "0-1"]
[WhiteElo "1468"]
[BlackElo "1359"]
[PlyCount "128"]
[EventDate "2016.08.18"]

1. e4 c5 2. Nf3 e6 3. d4 cxd4 4. Nxd4 Nf6 5. Nc3 Nc6 6. Bc4 Bb4 7. Nxc6 bxc6 8.
e5 Nd5 9. Qd4 Qa5 10. Bd2 Nxc3 11. bxc3 Bc5 12. Qg4 O-O 13. O-O Kh8 14. Bd3 Ba6
15. Qh5 Bxd3 16. cxd3 Bd4 17. Rae1 Bxc3 18. Bxc3 Qxc3 19. Re3 Qb4 20. Rh3 h6
21. Rh4 Qc3 22. Rd1 Rab8 23. g4 Rb5 24. d4 Qf3 25. Rf1 Rb4 26. Rh3 Qe2 27. a3
Rxd4 28. Re3 Qc2 29. Rg3 Qg6 30. Qh4 Kg8 31. Qh3 Qg5 32. Re1 Rb8 33. Qf1 Rxg4
34. Qa6 Rxg3+ 35. hxg3 Qd2 36. Kf1 Qd4 37. Qe2 c5 38. Rd1 Qa4 39. Kg1 c4 40.
Rc1 Rc8 41. Qe4 Qb3 42. Rb1 Qd3 43. Qb7 Rf8 44. Rf1 Qxa3 45. Qxd7 c3 46. Qc6
Qb2 47. Qc5 c2 48. Kg2 Qb7+ 49. Kh2 Rc8 50. Qa3 Qb1 51. Rc1 Qb6 52. Kg2 Qd4 53.
Qa6 Rd8 54. Qa5 Qe4+ 55. Kh2 Rd1 56. Qa3 Qe2 57. Kg2 Qf1+ 58. Kf3 Rxc1 59. Qxa7
Qh1+ 60. Kg4 Rb1 61. f3 Rb4+ 62. f4 c1=Q 63. Qf2 Qcd1+ 64. Qf3 Qdxf3# 0-1

[Event "European Youth Chess Championship B10"]
[Site "Prague, Top Hotel Prague"]
[Date "2016.08.22"]
[Round "5.53"]
[White "Unguroiu, Razvan-Marius"]
[Black "Cerny, Michal"]
[Result "1-0"]
[WhiteElo "1450"]
[BlackElo "1309"]
[PlyCount "91"]
[EventDate "2016.08.18"]

1. c4 c6 2. d4 d5 3. Nc3 Nf6 4. Nf3 Bf5 5. Bf4 e6 6. e3 Nbd7 7. Be2 Be7 8. O-O
O-O 9. h3 Ne4 10. Bd3 Nxc3 11. bxc3 Bxd3 12. Qxd3 Nf6 13. Ne5 Bd6 14. Rfb1 Qe7
15. c5 Bxe5 16. Bxe5 Ne8 17. Qc2 f6 18. Bg3 e5 19. Rb3 a6 20. Rab1 Ra7 21. R3b2
Rf7 22. Qb3 exd4 23. cxd4 Qd8 24. Qb6 Qxb6 25. Rxb6 f5 26. Bb8 Ra8 27. Rxb7
Rxb7 28. Rxb7 Nf6 29. Be5 Ne8 30. Rb6 Rc8 31. Rxa6 g6 32. Ra7 h5 33. a4 Kf8 34.
Kh2 h4 35. g3 g5 36. gxh4 gxh4 37. Kg2 Kg8 38. Kf3 Rd8 39. Kf4 Rc8 40. Kxf5 Kf8
41. Kg4 Kg8 42. Kf5 Kf8 43. Ke6 Rd8 44. a5 Kg8 45. Ke7 Rc8 46. Kd7 1-0

[Event "European Youth Chess Championship B10"]
[Site "Prague, Top Hotel Prague"]
[Date "2016.08.22"]
[Round "5.54"]
[White "Rousis, Chrysostomos"]
[Black "Kanak, Matyas"]
[Result "1-0"]
[WhiteElo "1443"]
[BlackElo "1222"]
[PlyCount "55"]
[EventDate "2016.08.18"]

1. e4 c5 2. Nf3 e6 3. d4 cxd4 4. Nxd4 Nc6 5. Nb3 Nf6 6. Nc3 a6 7. Bd3 Be7 8.
O-O O-O 9. f4 d6 10. Qe2 Qc7 11. Bd2 b5 12. Rae1 e5 13. f5 Bb7 14. g4 Rad8 15.
g5 Nd7 16. Nd5 Qb8 17. f6 gxf6 18. gxf6 Nxf6 19. Nxf6+ Bxf6 20. Rxf6 Kg7 21.
Qg4+ Kh8 22. Kh1 Rg8 23. Qh5 Rd7 24. Bg5 Qc7 25. Rh6 Kg7 26. Rxh7+ Kf8 27. Bf6
Ne7 28. Qxf7# 1-0